[Event "Oberliga Bayern 9495"]
[Site "Bayern"]
[Date "1994.??.??"]
[Round "?.2"]
[White "Wach, Markus"]
[Black "Haag, Wolfgang"]
[Result "1/2-1/2"]
[WhiteElo "2380"]
[BlackElo "2345"]
[Annotator "Bulletin"]
[PlyCount "121"]
[EventDate "1994.10.09"]
[EventType "team-tourn"]
[EventRounds "9"]
[EventCountry "GER"]
[SourceTitle "EXT 1999"]
[Source "ChessBase"]
[SourceDate "1998.11.16"]
[SourceVersion "1"]
[SourceVersionDate "1998.11.16"]
[SourceQuality "1"]
[WhiteTeam "Pang/Rosenheim SG"]
[BlackTeam "Marktheidenfeld TV"]
[WhiteTeamCountry "GER"]
[BlackTeamCountry "GER"]

1. e4 c5 2. c3 Nf6 3. e5 Nd5 4. d4 cxd4 5. Nf3 e6 6. cxd4 b6 7. Nc3 Nxc3 8.
bxc3 Qc7 9. Bd2 Bb7 10. Bd3 d6 11. O-O Nd7 12. Ng5 dxe5 13. Re1 Bd6 14. f4 e4 (
14... exd4 15. cxd4 Bxf4 $17) 15. Bxe4 Bxe4 16. Nxe4 O-O 17. Qf3 Rfe8 18. Re2
Rac8 19. Rf1 g6 20. g4 Bf8 21. f5 exf5 22. gxf5 Qc4 23. Bg5 b5 24. fxg6 fxg6
25. Qg4 Bg7 26. Qxd7 Qxe2 27. Bh6 Qxf1+ 28. Kxf1 Rf8+ 29. Ke2 (29. Nf6+ $1
Rxf6+ 30. Ke2 Bxh6 31. Qxc8+ $16) 29... Bxh6 30. Nf6+ Rxf6 31. Qxc8+ Bf8 32. a4
a6 33. Kd3 (33. axb5 axb5 34. Ke3) 33... Rf3+ 34. Ke4 Rf6 35. h3 h6 36. Ke5
Rf5+ 37. Ke6 bxa4 38. Qe8 Kh7 39. Qxa4 Bg7 40. Qd7 Rf3 41. c4 Rf4 42. Qc8 Re4+
43. Kd5 Rxd4+ 44. Kc5 Rf4 45. Kb6 Rf6+ 46. Kb7 Rf7+ 47. Kxa6 Rf6+ 48. Kb7 Rf7+
49. Kc6 Bf8 50. Kd5 Rf5+ 51. Ke6 Kg7 52. Qd7+ Kg8 53. Qd4 Kh7 54. Kd7 Bc5 55.
Qe4 Kg7 56. Kc6 Bf8 57. Qd4+ Kg8 58. Kd7 Bc5 59. Qb2 Kh7 60. Ke6 Bf8 61. Qd4
1/2-1/2

[Event "ESP-ch ko"]
[Site "Ayamonte"]
[Date "2007.11.12"]
[Round "2.2"]
[White "Khamrakulov, Ibragim S"]
[Black "Del Rio de Angelis, Salvador Gabriel"]
[Result "1-0"]
[WhiteElo "2604"]
[BlackElo "2512"]
[Annotator "CB"]
[PlyCount "77"]
[EventDate "2007.11.09"]
[EventType "k.o."]
[EventRounds "4"]
[EventCountry "ESP"]
[SourceTitle "EXT 2008"]
[Source "ChessBase"]
[SourceDate "2007.11.25"]
[SourceVersion "1"]
[SourceVersionDate "2007.11.25"]
[SourceQuality "1"]

1. e4 c5 2. Nf3 Nc6 3. c3 Nf6 4. e5 Nd5 5. Bc4 e6 6. O-O d6 7. d4 cxd4 8. cxd4
Be7 9. exd6 (9. Nc3 Nxc3 10. bxc3 dxe5 11. dxe5 (11. Nxe5 Nxe5 12. dxe5 Qxd1
13. Rxd1 Bd7 $15) 11... Qxd1 12. Rxd1 Bd7 $11) 9... Qxd6 10. Nc3 Nxc3 11. bxc3
O-O 12. Re1 (12. Qe2 b6 13. Qe4 Bb7 14. Bd3 g6 $11) 12... b6 13. Ng5 Bxg5 (
13... Na5 14. Bd3 Bxg5 (14... h6 15. Qh5 f5 16. Nf3 Bf6 17. Ne5 Bb7 18. Qg6 $36
{1-0 Ekstroem,R-Kutuzovic,B/Pula 2000}) 15. Bxg5 Bb7 16. Bf6 $5 (16. Qh5 $14)
16... Qd5 (16... gxf6 17. Qg4+ Kh8 18. Qh4 f5 19. Qf6+ Kg8 20. Re3 $18) 17. Be4
Qxe4 18. Rxe4 Bxe4 19. Qg4 Bg6 20. Be7 Rfc8 21. Bb4 $16 {1-0 Rausis,I-Yrjola,J/
Jyvaskyla 1996}) (13... h6 $5 14. Ne4 Qc7 $14 {/~~}) (13... Bb7 $2 14. Nxe6 $18
{1-0 Molander,R-Stubberud,O/Port Erin IOM 2003}) 14. Bxg5 Bb7 (14... Ne7 $5) (
14... h6 $5) 15. Qg4 {Diagrama #} Ne7 (15... Rfe8 $5 16. Re3 (16. Bf6 Qf8 $14)
(16. Bh6 Qf8 17. Re3 Ne7) 16... Ne7 17. Rae1 Ng6 18. Bd3 Rec8 19. Bxg6 hxg6 20.
Bf4 Qd5 21. Be5 Qxa2 22. Rh3 Qd2 23. Rd1 Qc2 24. Rf1 Rxc3 25. f3 Qf5 26. Qh4 f6
27. Qh7+ Kf7 28. g4 Qg5 29. f4 Qxg4+ {0-1 Tscharotschkin,M-Kveinys,A/Bad
Woerishofen 2004}) (15... e5 16. Qg3 Rfe8 17. Re3 Rac8 18. Bb5 f6 19. Bh6 Re7
20. Rae1 Rcc7 21. f4 exd4 22. Bc4+ Kf8 23. Qxg7+ Ke8 24. Qg8+ {1-0 Bjelajac,
M-Janosevic,D Kraljevo 1984}) (15... Kh8 16. Qh4 (16. Re3 e5 17. Bd3 exd4 18.
Rh3 f5 19. Rxh7+ Kxh7 20. Qh5+ {1-0 Verwoert,J-Nusink,A/NED-ch H corr 1995})
16... Rfe8 17. Re3 Qf8 18. Rh3 h6 19. Bd3 f5 20. Re1 e5 21. Ree3 exd4 22. Bxh6
gxh6 23. Qg5 {1-0 Filipovic,B-Kveinys,A/Pula CRO 2003}) 16. Bxe6 fxe6 (16... h5
$5 17. Qh3 fxe6 18. Rxe6 Qd7 19. Rxe7 (19. Bxe7 Rf7 20. Rae1 Bd5 21. R6e3 Qxh3
22. Rxh3 Re8 23. Rhe3 Bxa2 $16) 19... Qxh3 20. gxh3 Rf7 21. Rae1 Bd5 22. a3
Rxe7 23. Rxe7 Rc8 24. Rd7 (24. Bd2 Rc6) (24. Re3 Kf7) 24... Be6 25. Rxa7 Rxc3)
17. Rxe6 Qd7 18. Bxe7 Rfc8 $18 (18... Rae8 19. Qe2 Rf6 20. Re3 Rg6 21. f3 Bxf3
22. Qxf3 Rxe7 23. Rf1 Rf6 24. Rxe7 Qxe7 25. Qd5+ Kf8 26. Rxf6+ gxf6 27. Kf2 Qa3
28. Qc4 Kg7 29. h3 h5 30. d5 Kg6 31. Qd3+ Kf7 32. Qh7+ Kf8 33. Qh6+ Ke7 34. Qd2
Kd6 35. Kg3 Qc5 36. Qf4+ Kxd5 37. Qxf6 Qe3+ 38. Qf3+ Qxf3+ 39. Kxf3 Kc4 40. g4
hxg4+ 41. hxg4 Kxc3 42. g5 {1-0 Kaeser,U-Sandkamp,R/Germany 1991}) 19. Bf6 Rf8
20. Be5 (20. Qg3 $1 Qf7 21. Rae1 Bd5 22. R6e5 Qxf6 23. Rxd5 Qf4 24. Qxf4 Rxf4
25. Rd7 $18) 20... Rf7 21. h3 (21. f3) 21... Rc8 22. Re1 Bd5 $16 23. Rd6 Qxg4
24. hxg4 Bxa2 25. d5 Re8 26. Ra1 Rxe5 27. Rxa2 {Diagrama #} Rc7 (27... Re1+ 28.
Kh2 Rc1 29. Rc6 Rd7 30. c4 Kf7 $16) 28. Rd8+ Kf7 29. d6 Rb7 30. Ra4 $18 Ke6 31.
Re8+ Kf6 32. Rf4+ Kg5 33. Rxe5+ Kxf4 34. Re7 Rb8 35. Rxa7 g5 36. Rxh7 Kxg4 37.
Rc7 b5 38. Rc5 Kf4 39. Rd5 1-0

[Event "World Cup"]
[Site "Khanty-Mansiysk"]
[Date "2007.12.02"]
[Round "3.5"]
[White "Macieja, Bartlomiej"]
[Black "Sasikiran, Krishnan"]
[Result "0-1"]
[WhiteElo "2606"]
[BlackElo "2661"]
[Annotator "CB"]
[PlyCount "114"]
[EventDate "2007.11.24"]
[EventType "k.o."]
[EventRounds "7"]
[EventCountry "RUS"]
[SourceTitle "CBM 122"]
[Source "ChessBase"]
[SourceDate "2008.01.30"]
[SourceVersion "1"]
[SourceVersionDate "2008.01.30"]
[SourceQuality "1"]

{The first two rapid games ended in draws. In the blitz mini-match the Indian
GM showed a better self-control.} 1. e4 c5 2. Nf3 a6 3. c3 e6 4. d4 d5 5. exd5
exd5 6. Be2 c4 7. b3 cxb3 8. axb3 Bd6 9. O-O Ne7 10. h3 O-O 11. Ba3 Nbc6 12.
Bxd6 Qxd6 13. Na3 Ng6 14. Ne1 Bd7 15. Nd3 Rae8 16. Nc2 Nh4 17. Bg4 f5 18. Bf3
f4 19. Kh2 Bf5 20. Nc5 $4 (20. Nce1) 20... Nxf3+ 21. Qxf3 Bxc2 $19 22. Nxb7 Qd7
23. Nc5 Qf7 24. Rxa6 Nb8 25. Rd6 Be4 26. Qg4 f3 27. g3 Qa7 28. Qh4 h6 29. g4
Rf7 30. Rg1 Nd7 31. b4 Nf8 32. b5 Qb8 33. Qg3 Qxb5 34. g5 hxg5 35. Qxg5 Qb8 36.
Qg3 Rd8 37. Rxd8 Qxd8 38. Ra1 Rf6 39. Rg1 Rg6 40. Qe5 Qf6 41. Qxf6 Rxf6 42. Rg4
Bg6 43. Kg3 Kf7 44. Rg5 Rf5 45. Rxf5+ Bxf5 46. Kxf3 Nd7 47. Nb3 Nf6 48. Kf4 Bc2
49. Nd2 Ne4 50. Nf3 Nxc3 51. Ne5+ Ke6 52. f3 Nb5 53. Ke3 Nd6 54. Kd2 Bh7 55. h4
Nc4+ 56. Nxc4 dxc4 57. Kc3 Kd5 {The fourth round features the following
matches: Nisipeanu-Karjakin, Alekseev-Bareev, Aronian-Jakovenko,
Shirov-Akopian, Sasikiran-Ponomariov, Svidler-Kamsky, Adams-Carlsen and
Wang-Cheparinov.} 0-1

[Event "AUT-chT 1516"]
[Site "Austria"]
[Date "2016.04.01"]
[Round "10.1"]
[White "Singer, Christoph"]
[Black "Volkmann, Friedrich Karl"]
[Result "1-0"]
[WhiteElo "2331"]
[BlackElo "2444"]
[Annotator "CB"]
[PlyCount "59"]
[EventDate "2015.11.05"]
[EventType "team-tourn"]
[EventRounds "11"]
[EventCountry "AUT"]
[SourceTitle "EXT 2017"]
[Source "ChessBase"]
[SourceDate "2016.10.25"]
[SourceVersion "1"]
[SourceVersionDate "2016.10.25"]
[SourceQuality "1"]
[WhiteTeam "Grieskirchen/Schallerbach"]
[BlackTeam "Wulkaprodersdorf"]
[WhiteTeamCountry "AUT"]
[BlackTeamCountry "AUT"]

1. e4 c5 2. Nf3 e6 3. c3 Nf6 4. e5 Nd5 5. d4 cxd4 6. cxd4 d6 7. Bc4 Be7 8. O-O
O-O 9. Nc3 Nxc3 10. bxc3 Qc7 11. exd6 Bxd6 12. Qd3 Nd7 13. Bb3 Re8 14. Re1 b6
15. Ba4 Rd8 16. Bg5 Nf6 $2 {Diagramm [#]} 17. Bc2 Bb7 18. Bxf6 gxf6 19. Qxh7+
Kf8 {Diagramm [#] Der König wird aus seiner angestammten Position am
Königsflügel vertrieben und eine Hetzjagd über das gesamte Brett beginnt.} 20.
Qh6+ Ke7 21. Rxe6+ $1 Kxe6 (21... fxe6 22. Qg7+ Ke8 23. Bg6+ Qf7 24. Qxf7#) 22.
Re1+ Kd7 23. Qh3+ Kc6 24. Be4+ Kb5 25. Qf5+ Ka4 (25... Bc5 {hätte Weiß nochmal
auf die Probe gestellt} 26. Bxb7 (26. Rb1+ Ka5 27. Bxb7 Qxb7 28. Nd2) 26...
Qxb7 27. dxc5 Qd5 28. Nd4+ Ka6 (28... Kxc5 29. Qd3 a6 30. Rd1 $18) 29. Qd3+ Kb7
30. Re7+ Kb8 31. Nc6+ Qxc6 32. Qxd8+) 26. Rb1 Qd7 27. Bc2+ Ka3 28. Qd3 Kxa2 29.
Qc4+ Ka3 30. Qb3# {Diagramm [#]} 1-0

[Event "Hastings Masters op 87th"]
[Site "Hastings"]
[Date "2012.01.01"]
[Round "5"]
[White "Howell, David"]
[Black "Wang, Yue"]
[Result "0-1"]
[WhiteElo "2633"]
[BlackElo "2697"]
[Annotator "CB"]
[PlyCount "116"]
[EventDate "2011.12.28"]
[EventType "swiss"]
[EventRounds "9"]
[EventCountry "ENG"]
[SourceTitle "CBM 146 Extra"]
[Source "ChessBase"]
[SourceDate "2012.02.29"]
[SourceVersion "1"]
[SourceVersionDate "2012.02.29"]
[SourceQuality "1"]

1. e4 c5 2. c3 d5 3. exd5 Qxd5 4. d4 Nc6 5. Nf3 Bf5 6. Na3 cxd4 7. Bc4 Qe4+ 8.
Kf1 $146 ({The move known to theory is} 8. Be3 {the idea being that} dxe3 {
is not possible as it loses the queen to} 9. Bxf7+ Kxf7 10. Ng5+) 8... e6 9.
Nb5 d3 10. Nfd4 Nxd4 11. cxd4 Rc8 12. f3 ({Better was} 12. Nc3 Qxd4 13. Bb5+
Kd8 14. Be3 Qd6 15. Qf3 {with an unclear position.}) 12... Qc6 13. Bxd3 Bxd3+
14. Qxd3 a6 15. Nc3 Nf6 16. d5 $6 {Despair? It is hard to see what attracted
White to this move.} Nxd5 17. Nxd5 Qxd5 {Black is more than happy to exchange
into a pawn-up endgame.} 18. Qxd5 exd5 19. Be3 Rc2 20. Re1 Kd7 21. Re2 Rxe2 22.
Kxe2 Bd6 23. h3 Rc8 24. Rc1 Re8 25. Kd3 h5 26. Rc2 f6 27. Re2 Be5 28. b3 g5 29.
Re1 Rg8 30. Rh1 Ke6 31. Bd2 Bg3 32. Rc1 Kf5 33. Rc5 Rd8 34. Ba5 Rd7 35. Rc8 h4
36. Re8 Bf4 37. Bc3 d4 38. Bb4 Rc7 39. Re4 Rc1 40. Re1 Rc6 41. Re4 Be5 42. Bd2
b5 43. Re2 Rc8 44. Re1 Bf4 45. Re4 Bxd2 46. Kxd2 Rd8 47. Kd3 b4 48. Rg4 Rd5 49.
f4 Ra5 50. fxg5 fxg5 51. g3 hxg3 52. Rxg3 Rxa2 53. Rf3+ Kg6 54. Kxd4 Rc2 55.
Ke5 Rc5+ 56. Kd4 Rc3 57. Rxc3 bxc3 58. Kxc3 Kh5 0-1

[Event "Sharjah FIDE GP (Women)"]
[Site "Sharjah"]
[Date "2014.08.27"]
[Round "3"]
[White "Muminova, Nafisa"]
[Black "Koneru, Humpy"]
[Result "1/2-1/2"]
[WhiteElo "2315"]
[BlackElo "2598"]
[Annotator "CB"]
[PlyCount "113"]
[EventDate "2014.08.25"]
[EventType "tourn"]
[EventRounds "11"]
[EventCountry "UAE"]
[EventCategory "10"]
[SourceTitle "CBM 162"]
[Source "ChessBase"]
[SourceDate "2014.09.17"]
[SourceVersion "1"]
[SourceVersionDate "2014.09.17"]
[SourceQuality "1"]

{A lucky day for Humpy. After inexplicably blundering a pawn she found herself
in a completely lost endgame. However Muminova simply played bad moves and
allowed counterplay that should not have existed. Humpy took advantage of this
and drew the game in a rook endgame.} 1. e4 c5 2. Nf3 e6 3. c3 d5 4. exd5 Qxd5
5. d4 Nf6 6. Na3 Be7 7. Nb5 Na6 8. Be3 O-O 9. Be2 Qd8 10. O-O Nd5 11. Qc2 Nac7
12. Nxc7 Qxc7 13. Bd3 h6 14. Bd2 b6 15. Rae1 Bd6 16. dxc5 bxc5 17. c4 Nb4 18.
Bxb4 cxb4 19. Qe2 Bb7 20. Be4 Bxe4 21. Qxe4 Rae8 22. b3 f5 23. Qd4 e5 24. Qd5+
Kh7 25. g3 e4 26. Nd4 Re5 27. Qc6 Qe7 28. Rd1 Bc5 29. Ne2 Rf6 30. Qd7 Ra6 31.
Qc8 Qe6 32. Qa8 Rd6 33. Nf4 Qd7 34. Rxd6 Qxd6 35. Nd5 Qa6 $6 (35... f4 $1 36.
Nxf4 e3 $1 37. fxe3 Bxe3+ 38. Kh1 Bxf4 39. Rxf4 Re2 $36) 36. Qb8 $1 Bd6 $2 {
Simply blundering a pawn.} 37. Nxb4 Qb6 38. Qxb6 axb6 39. Nd5 {The endgame is
nearly hopeless for Black...} b5 40. Rd1 bxc4 41. Ne3 Be7 42. Nxc4 Rb5 43. Rd7
Bf6 44. Kf1 h5 45. Rd6 h4 46. Rb6 Rd5 47. Ke2 Rd3 48. a4 $2 {Simply creating
an attackable weakness.} (48. Rb5 g6 49. Ne3 {white should advance the pawn
after relocating the knight to d5.}) 48... Rc3 49. Ne3 $2 Bd4 50. Rb4 Bxe3 51.
fxe3 h3 {Black, out of nowhere, got counterplay.} 52. Kd2 Rd3+ 53. Ke2 Rc3 54.
Kd2 Rd3+ 55. Ke2 Rc3 56. Kd2 Rd3+ 57. Ke2 1/2-1/2

[Event "Hastings Masters op 86th"]
[Site "Hastings"]
[Date "2010.12.29"]
[Round "2"]
[White "Howell, David"]
[Black "Swapnil, S Dhopade"]
[Result "1-0"]
[WhiteElo "2611"]
[BlackElo "2409"]
[Annotator "CB"]
[PlyCount "71"]
[EventDate "2010.12.28"]
[EventType "swiss"]
[EventRounds "9"]
[EventCountry "ENG"]
[SourceTitle "CBM 140 Extra"]
[Source "ChessBase"]
[SourceDate "2011.03.01"]
[SourceVersion "1"]
[SourceVersionDate "2011.03.01"]
[SourceQuality "1"]

1. e4 c6 2. d4 d5 3. exd5 cxd5 4. c4 Nf6 5. Nc3 e6 6. Nf3 Be7 7. cxd5 Nxd5 8.
Bd3 Nc6 9. O-O O-O 10. Re1 Nf6 11. a3 b6 12. Be3 Bb7 13. Qe2 Nd5 14. Rad1 Bf6
15. Ne4 Nce7 16. Ne5 Ng6 17. Qh5 Bxe5 18. dxe5 Nxe3 {Now instead of the
obvious recapture, Howell played} 19. Ng5 $5 h6 20. Nxf7 Qh4 $2 ({Fritz offers
as the best defence} 20... Nf4 21. Nxh6+ gxh6 22. Qxh6 Nf5 23. Bxf5 Rxf5 24.
Rxd8+ Rxd8 {when White ahs Q+3Ps v R+N+B, whilst the exposed position of the
black king gives White some advantage.}) 21. Qxg6 Rxf7 22. fxe3 Qg5 23. Qxg5
hxg5 {and White went on to win.} 24. Bg6 Re7 25. Rd6 Rf8 26. Red1 Bd5 27. Rd4
Rc7 28. h3 Rc1+ 29. Kh2 Rc5 30. Rg4 Rb5 31. b4 Bb3 32. Rxg5 a5 33. bxa5 Rxa5
34. Rd7 Rxa3 35. Rh5 Rc8 36. Bf7+ 1-0

[Event "YUG-chT"]
[Site "Budva"]
[Date "1996.??.??"]
[Round "5"]
[White "Mukhametov, Eldar"]
[Black "Marjanovic, Slavoljub"]
[Result "1-0"]
[WhiteElo "2505"]
[BlackElo "2455"]
[Annotator "Chekhov,V"]
[PlyCount "67"]
[EventDate "1996.??.??"]
[EventType "team"]
[EventRounds "6"]
[EventCountry "YUG"]
[SourceTitle "CBM 053 Extra"]
[Source "ChessBase"]
[SourceDate "1996.09.01"]
[SourceVersion "1"]
[SourceVersionDate "1996.09.01"]
[SourceQuality "1"]

1. e4 c5 2. c3 Nf6 3. e5 Nd5 4. Nf3 e6 5. d4 cxd4 6. cxd4 b6 7. Nc3 Nxc3 8.
bxc3 Qc7 9. Bd2 (9. c4 $6 Ba6 10. Qa4 b5 $1 11. cxb5 Qc3+ 12. Kd1 Bb7 13. Qc2
Qxa1 14. Bd3 Nc6 15. bxc6 Bxc6 16. Kd2 g6 17. Ke2 Rc8 $19 {Sveshnikov,
E-Pugachev,A/St Petersburg/1994/0|1/36/}) 9... d6 10. Bd3 Nd7 11. O-O dxe5 12.
Re1 $1 (12. dxe5 $6 Bb7 13. Re1 g6 14. Bf4 Bg7 15. Nd4 O-O 16. Nb5 Qc6 17. Be4
Qxb5 18. Bxb7 Rab8 19. a4 Qc4 $15 {Lalic,S-Stohl,I/Isle of Man/1994/0|1/35/}) (
12. Nxe5 $5 Nxe5 13. dxe5 Bb7 14. Bb5+ Bc6 15. Qf3 Rc8 16. a4 Be7 17. Qg3 Kf8
18. Rfd1 h5 19. Bxc6 Qxc6 20. Bg5 $36 {Degraeve,J-Jansa,V/FRA/1989/0,5/71/})
12... Bb7 (12... exd4 13. Nxd4 $146) (12... g6 13. Nxe5 Nxe5 14. Bf4 Bg7 15.
Bxe5 Bxe5 16. Rxe5 O-O 17. Qd2 $14 {Blatny,P-Grosar,A/Debrecen/1992/0|1/60/})
13. Nxe5 Nxe5 14. Rxe5 Bd6 15. Bb5+ Kf8 (15... Bc6 16. Qf3 Rc8 17. Bxc6+ Qxc6
18. d5 Qb7 19. Rh5 (19. Rg5 $5 $36) 19... e5 20. Re1 f6 21. Qh3 Qd7 $1 $132 {
Lombardy,W-Panno,O/ARG/1994/0,5/28/}) 16. Rh5 g6 $5 {N/} (16... Be4 17. Qe2 Bg6
18. Rh3 $14 {Blatny,P-Grosar,A/Debrecen/1992/0|1/60/}) 17. Bh6+ Kg8 18. Qd2 a6
$6 (18... f6 $5 19. Rh3 Kf7 $14) 19. Bf1 f6 20. Rh3 Kf7 21. c4 $1 $16 Rab8 (
21... Rhe8 $6 22. Bf4 (22. c5 $1 bxc5 23. dxc5 Bxc5 (23... Qxc5 24. Be3 Qe5 25.
Rxh7+ Kg8 26. Bd4 Qd5 27. Qh6 $18) 24. Bf4 Qc6 25. Rxh7+ Kg8 26. Rc7 $18) 22...
Kg8 (22... Bxf4 23. Rxh7+ Kg8 24. Rxc7 Bxd2 25. Rxb7 Bc3 26. Rd1 $16) 23. Bxd6
Qxd6 $13) 22. Re1 Rhe8 23. c5 $1 bxc5 24. dxc5 Qxc5 25. Bf4 $1 (25. Be3 Qb4 26.
Rxh7+ Kg8 $13) 25... Bxf4 (25... e5 26. Rc1 Qb4 27. Rc7+ Re7 (27... Kg8 28.
Bc4+ $18) 28. Rxh7+ Ke8 29. Rcxe7+ Bxe7 30. Rh8+ $18) 26. Qxf4 (26. Rxh7+ Kg8
27. Qd7 Qc7 28. Qxc7 Bxc7 29. Rxc7 Kf8 $14) 26... h5 27. Rc1 Qe5 28. Rc7+ Re7
$2 (28... Kg8 29. Qxe5 fxe5 30. Rg3 (30. Re3 Bd5 $1) 30... Be4 31. Re3 Bf5 32.
f3 $14) 29. Rxe7+ Kxe7 30. Qxe5 fxe5 31. Rb3 $1 $18 a5 (31... Kd7 32. Bxa6 Kc7
33. Bxb7 Rxb7 34. Rxb7+ Kxb7 35. Kf1 $18) 32. Ba6 Bxa6 33. Rxb8 Bc4 34. a4 1-0

[Event "Vienna op"]
[Site "Vienna"]
[Date "1996.??.??"]
[Round "9"]
[White "Onischuk, Alexander"]
[Black "Lutz, Christopher"]
[Result "1-0"]
[WhiteElo "2605"]
[BlackElo "2565"]
[Annotator "Chekhov,V"]
[PlyCount "67"]
[EventDate "1996.??.??"]
[EventType "swiss"]
[EventRounds "9"]
[EventCountry "AUT"]
[SourceTitle "CBM 053 Extra"]
[Source "ChessBase"]
[SourceDate "1996.09.01"]
[SourceVersion "1"]
[SourceVersionDate "1996.09.01"]
[SourceQuality "1"]

1. e4 c5 2. c3 d5 3. exd5 Qxd5 4. d4 Nf6 5. Nf3 e6 6. Be3 (6. Be2 $5) (6. Na3
$5) 6... cxd4 7. cxd4 Be7 8. Nc3 Qd6 9. a3 O-O 10. Bd3 Nc6 11. Qc2 Bd7 (11...
g6 12. O-O b6 13. Ne4 Nxe4 14. Bxe4 Bb7 15. Rad1 Na5 16. Bxb7 Nxb7 17. Qe4 Qd5
$10 {Vogt,L-Bezold,M/Altensteig/1994/0,5/47/}) 12. O-O h6 (12... Rac8 13. Rad1
Rfd8 (13... g6 14. Rfe1 Rfd8 15. Qe2 Be8 16. Ng5 Qc7 17. Bc4 $14 {Vogt,
L-Valter,H/GER/1994/1|0/40/}) 14. Rfe1 Be8 15. Qe2 Nd5 16. Ne4 Qc7 17. Bb1 Qb6
$132 {Janovsky,S-Dolmatov,S/Dortmund/1992/0|1/98/}) 13. Rad1 Rac8 14. Qd2 (14.
Qe2 Rfd8 15. Rfe1 Bf8 16. Bb1 Be8 17. Bc1 g6 18. Ba2 a6 19. d5 $14 {Lutz,
C-Zagrebelny,S/Moscow/1994/0,5/24/}) 14... Nd5 (14... e5 $5 15. Nb5 Qd5 16. Nc3
Qd6 17. dxe5 Nxe5 18. Nxe5 Qxe5 19. Rfe1 Bd6 20. f4 Qh5 21. Be2 Bg4 22. Qxd6
Bxe2 23. Nxe2 Ng4 24. Bxa7 $13 {Margolin,B-Zagrebelny,S/Moscow/1995/0|1/52/})
15. Nxd5 Qxd5 (15... exd5 16. Bf4 Qf6 17. Ne5 $14) 16. Rfe1 Qh5 (16... Bf6 17.
Bxh6 (17. b4 $5) 17... Nxd4 18. Nxd4 Qxd4 $132) 17. b4 $14 a6 18. Bf4 (18. Be4
$5) 18... Rfd8 19. Qe3 Bf6 (19... Be8 $5) 20. Be5 Be7 (20... Nxe5 21. dxe5 Be7
22. Qe4 g6 23. Qxb7 Bf8 24. Qb6 $16) (20... Bxe5 21. dxe5 $36) 21. Be4 Bg5 22.
Nxg5 Qxg5 23. Bf4 Qf6 24. Bd6 $1 Be8 (24... b6 25. Qg3 $36) 25. Bc5 Rb8 26. Bb6
Rdc8 27. Qg3 $16 Bd7 (27... Qg5 28. Qxg5 hxg5 29. d5 exd5 30. Bf5 $18) (27...
Qe7 $6 28. d5 Nd8 29. d6 $18) 28. h4 $1 (28. Bc7 Ra8 29. Be5 Qg5 $14 (29...
Nxe5 30. dxe5 Qe7 31. Bxb7 $18)) 28... Re8 (28... Qe7 29. d5 Nd8 30. Bc7 Ra8
31. d6 Qf6 32. Bxd8 Rxd8 33. Bxb7 $18) (28... g6 29. Bc7 Ra8 30. Be5 Qe7 31.
Bxg6 fxg6 (31... Nxe5 32. dxe5 fxg6 33. Qxg6+ Kf8 34. Qxh6+ Ke8 35. Qh8+ Kf7
36. Qh5+ Kf8 37. Re4 $16) 32. Qxg6+ Kf8 33. Re4 Be8 34. Rf4+ $6 (34. Qxh6+ $18)
34... Bf7 35. Qg7+ (35. Bd6 Ke8) 35... Ke8 36. Bd6 Qxd6 (36... Qd7 37. Qf8#)
37. Rxf7 Ne7 $17) 29. Bc7 Rbc8 30. Be5 Nxe5 31. dxe5 Qe7 32. Bxb7 Rc2 33. Bxa6
Bc6 34. Qb3 1-0

[Event "Moscow op"]
[Site "Moscow"]
[Date "1995.??.??"]
[Round "4"]
[White "Ivanov, Victor L"]
[Black "Belikov, Vladimir"]
[Result "0-1"]
[WhiteElo "2460"]
[BlackElo "2470"]
[Annotator "Chekhov,V"]
[PlyCount "104"]
[EventDate "1995.??.??"]
[EventType "swiss"]
[EventRounds "9"]
[EventCountry "RUS"]
[SourceTitle "EXT 2000"]
[Source "ChessBase"]
[SourceDate "1999.11.16"]
[SourceVersion "1"]
[SourceVersionDate "1999.11.16"]
[SourceQuality "1"]

1. e4 c5 2. c3 d5 3. exd5 Qxd5 4. d4 Nf6 5. Nf3 Bg4 6. Be2 e6 7. h3 Bh5 8. Be3
cxd4 9. cxd4 Nc6 10. Nc3 Bb4 $5 {N/} (10... Qd6 $5 11. g4 Bg6 12. Ne5 Be7 13.
O-O O-O 14. Bf4 Qd8 15. Bf3 Rc8 16. Nxg6 hxg6 17. Be3 $14 {Adams,M-Topalov,V/
Las Palmas/1994/}) 11. O-O Qa5 12. Qb3 O-O 13. Rfd1 (13. a3 Bxc3 14. bxc3 Qc7 {
/\Na5,Rac8/}) 13... Rfd8 (13... Rac8 $5) 14. g4 Bg6 15. Bg5 $6 (15. a3 Bxc3 16.
bxc3 Qc7 17. c4 Na5 18. Qb4 Rac8 19. Rac1) 15... Bxc3 16. bxc3 Be4 17. Bxf6
gxf6 18. Nd2 Bd5 19. Qb2 Qb6 $1 (19... Ne7 20. c4 Bc6 21. d5 exd5 22. Qxf6 Ng6
23. Nb3 $1) 20. Nb3 (20. Qxb6 axb6 21. a4 (21. c4 $4 Nxd4) 21... e5 $1) (20.
Qc1 Rac8) 20... Na5 21. Rab1 Rac8 $15 22. Qc1 Nxb3 23. axb3 Kg7 24. Qe3 (24. c4
Be4) 24... e5 $1 25. dxe5 $6 (25. c4 exd4 26. Qxd4 Qxd4 27. Rxd4 Bc6 28. Rbd1
Rxd4 29. Rxd4 Re8 30. Kf1 a5) 25... Qxe3 26. exf6+ Kxf6 27. fxe3 Rxc3 28. Bc4 (
28. e4 $2 Bxe4 $1) 28... Ke5 29. Rb2 Rxe3 30. Rbd2 Bxc4 31. Rxd8 Rxb3 32. Re1+
Kf6 33. Kh2 a5 $17 34. Rh8 Kg7 35. Ra8 (35. Ree8 $5 f6 36. Ra8) 35... b6 36. g5
$2 (36. h4 Be6 $1 37. Rg1 Rb4 {/\a4,b5/}) 36... Be6 37. Ra7 Kg6 $19 38. h4 Rb4
39. Kg2 Rxh4 40. Rb1 Rb4 41. Rxb4 axb4 42. Ra4 b3 43. Rb4 Kxg5 44. Kg3 Kf5 45.
Kf3 Ke5 46. Ke3 Kf5 47. Rxb6 h5 48. Rb5+ Kg4 49. Kf2 h4 50. Rb4+ Kg5 51. Kf3 h3
52. Kg3 Kf6 0-1

[Event "Riga zt"]
[Site "Riga"]
[Date "1995.??.??"]
[Round "3"]
[White "Sepp, Olav"]
[Black "Ehlvest, Jaan"]
[Result "0-1"]
[WhiteElo "2460"]
[BlackElo "2615"]
[Annotator "Chekhov,V"]
[PlyCount "62"]
[EventDate "1995.03.??"]
[EventType "tourn"]
[EventRounds "13"]
[EventCountry "LAT"]
[EventCategory "10"]
[SourceTitle "CBM 047"]
[Source "ChessBase"]
[SourceDate "1995.08.01"]
[SourceVersion "1"]
[SourceVersionDate "1995.08.01"]
[SourceQuality "1"]

1. e4 c5 2. c3 d5 3. exd5 Qxd5 4. d4 Nf6 5. Nf3 g6 $5 {N/} (5... e6 $5) (5...
Nc6 $5) (5... Bg4 $5) 6. Na3 (6. dxc5 Qxc5 7. Be3 Qc7) 6... Bg7 7. Be3 $6 (7.
Bc4 $5 Qe4+ 8. Be3 Nd5 $1 (8... Ng4 $2 9. Bxf7+ $16) 9. Bxd5 Qxd5 10. dxc5 Qc6
$13) (7. Nb5 $5 Na6 8. dxc5 Qxc5 (8... Qxd1+ 9. Kxd1 Ne4 10. Be3 O-O) 9. Be3
$16) 7... cxd4 8. Nb5 (8. Qxd4 Nc6) 8... O-O $1 9. Qxd4 Nc6 $1 10. Qh4 $6 (10.
Qxd5 Nxd5 11. Bg5 a6 12. Nbd4 Nxd4 13. Nxd4 e5 $15) 10... Ng4 $1 11. Nc7 (11.
Bd2 Bf5 {/\12...Qe613.Be2 Bd3/}) 11... Qa5 12. Nxa8 Bxc3+ 13. Bd2 (13. bxc3
Qxc3+ 14. Ke2 Qxa1 15. Nc7 Qxa2+ $36) 13... Bxd2+ 14. Nxd2 Qe5+ 15. Be2 (15.
Kd1 g5 16. Qg3 Qxg3 17. fxg3 Nf2+ 18. Ke1 Nxh1 19. Nc7 Bf5 $17) 15... Nd4 16.
O-O g5 17. Qh5 $8 (17. Qh3 Nxe2+ 18. Kh1 Nxf2+ $19) 17... Nxe2+ 18. Kh1 Nf4 $19
19. Nf3 Nxh5 20. Nxe5 Nxe5 21. Nc7 Nf4 22. Rad1 Bf5 23. Nd5 Nxd5 24. Rxd5 f6
25. Rc1 Be4 26. Rd4 Bc6 27. Kg1 Kf7 28. a4 g4 29. Rc5 a6 30. Rc3 Rg8 31. b3 h5
0-1